Movies Quiz

Random Movies or Pixar Quiz

Disney Character Profile: Dory Quiz Stats

 Plays Quiz not verified by Sporcle

Support Sporcle.
Go Orange.
Score 0/24 Timer 10:00
0 Plays Today
Hint Answer % Correct
FriendMarlin
100%
FriendNemo
97.7%
Film AppearanceFinding Nemo
97.7%
2nd FilmFinding Dory
86.4%
Suffers from?Short-Term Memory Loss
84.1%
Whom do she and Marlin run into after meeting for the first time?Bruce
77.3%
SpeciesBlue Tang
72.7%
What did she learn how to speak why speaking to Destiny through the pipes?Whale
72.7%
Voiced by?Ellen Degeneres
72.7%
FriendDestiny
68.2%
FatherCharlie
61.4%
FriendHank
61.4%
Hint Answer % Correct
What does she repeat over and over after memorizing it from the mask?P. Sherman, 42 Wallaby Way, Sydney
59.1%
What shell does she remember is her mother's favorite?Purple
56.8%
MotherJenny
52.3%
FriendCrush
50%
What song does her parents teach her?Just Keep Swimming
50%
FriendSquirt
47.7%
Eye ColorRed
40.9%
HomeGreat Barrier Reef
36.4%
Video Game AppDisney Magic Kingdoms
22.7%
What do they get caught up in after going over the trench?Jellyfish Forest
18.2%
BirthplaceMarine Life Institute
15.9%
Video GameLego The Incredibles
4.5%

You're not logged in!

Compare scores with friends on all Sporcle quizzes.
OR
Log In

From the Vault

Sport by Necklace

by KStericker

We don't mean Olympic medals.
Remove Ads.
Support Sporcle.
Get the best of Sporcle when you Go Orange. This ad-free experience offers more features, more stats, and more fun while also helping to support Sporcle. Thank you for becoming a member.

Show Comments

Extras

Created Mar 5, 2020ReportNominate
Tags:Disney Quiz, Pixar Quiz

Top Quizzes Today


Score Distribution

Your Account Isn't Verified!

In order to create a playlist on Sporcle, you need to verify the email address you used during registration. Go to your Sporcle Settings to finish the process.

Report this User

Report this user for behavior that violates our Community Guidelines.

Details: